=LDR 00000nam 2200000 4500 =001 NUTBA000000000000187 =005 20140318123622.0 =006 =007 =008 =020 ##$$a 979-979-27-4945-8 =035 ##$$0010-031400000000186 =040 ##$$a Ind =090 ##$$a 813.083$bPro l =100 ##$$a Probert, Barbie =245 ##$$a Little girl lost$bPerjalanan panjang mencari sang bunda melintasi negeri yang tercabik perang$cBarbie Probert =260 ##$$a Jakarta $b Gramedia pustaka utama $c 2009 =300 ##$$a Xiv,287 Hlm$c21 cm =650 ##$$a fiksi$xRealistis =850 ##$$a NBPNMAT =990 ##$$a 21103699 =990 ##$$a 90381/BPAP-NTB/2014 =990 ##$$a 93566/BPAP-NTB/2014 =990 ##$$a 21196925/BPAP-NTB/2014 =990 ##$$a 2090101017/BPAP-NTB/2015